<?xml version="1.0" encoding="UTF-8"?>
<collection xmlns="http://www.loc.gov/MARC21/slim">
 <record>
  <leader>01854nam a2200265 a 4500</leader>
  <controlfield tag="001">TVCDKTCT9780</controlfield>
  <controlfield tag="003">Thư viện trường Cao đẳng Kỹ thuật Cao Thắng</controlfield>
  <controlfield tag="005">20080624000000</controlfield>
  <controlfield tag="008">080624</controlfield>
  <datafield tag="980" ind1="\" ind2="\">
   <subfield code="a">Thư viện Trường CĐ Kỹ Thuật Cao Thắng</subfield>
  </datafield>
  <datafield tag="024" ind1=" " ind2=" ">
   <subfield code="a">RG_1 #1 eb0 i1</subfield>
  </datafield>
  <datafield tag="020" ind1="#" ind2="#">
   <subfield code="a">205018</subfield>
  </datafield>
  <datafield tag="041" ind1="0" ind2="#">
   <subfield code="a">vie</subfield>
  </datafield>
  <datafield tag="082" ind1="#" ind2="#">
   <subfield code="a">629.25 / </subfield>
   <subfield code="b">PH104T-đ</subfield>
  </datafield>
  <datafield tag="100" ind1="1" ind2="#">
   <subfield code="a">Phạm Minh Tuấn</subfield>
  </datafield>
  <datafield tag="245" ind1="0" ind2="0">
   <subfield code="a">Động cơ đốt trong: Giáo trình cho sinh viên cơ khí ( sách photocoppy) /</subfield>
   <subfield code="c">Phạm Minh Tuấn</subfield>
  </datafield>
  <datafield tag="250" ind1="#" ind2="#">
   <subfield code="a">Tái bản lần thứ 4</subfield>
  </datafield>
  <datafield tag="260" ind1="#" ind2="#">
   <subfield code="a">H. :</subfield>
   <subfield code="b">Khoa học và kỹ thuật ,</subfield>
   <subfield code="c">2005</subfield>
  </datafield>
  <datafield tag="300" ind1="#" ind2="#">
   <subfield code="a">171tr. ;</subfield>
   <subfield code="c">24cm</subfield>
  </datafield>
  <datafield tag="520" ind1="#" ind2="#">
   <subfield code="a">Động cơ đốt trong đóng vai trò quan trọng trong nền kinh tế, là nguồn động lực cho các phương tiện vận tải như ô tô, máy kéo, xe máy, tàu thủy, máy bay và các máy công tác như máy phát điện, bơm nước...Mặt khác, động cơ đốt trong, đặc biệt là động cơ ô tô, là một trong những nguyên nhân chính gây ô nhiễm môi trường, nhất là ở thành phố. Do tầm quan trọng của động cơ đốt trong như vậy nên, cuốn sách &quot; Động cơ đốt trong &quot; bổ sung kiến thức mới và hiện đại phù hợp với thực tiễn Việt Nam.</subfield>
  </datafield>
  <datafield tag="520" ind1="#" ind2="#">
   <subfield code="a">Cuốn sách động cơ đốt trong gồm 2 phần :</subfield>
  </datafield>
  <datafield tag="520" ind1="#" ind2="#">
   <subfield code="a">      Phần I : Nguyên lý làm việc của động cơ đốt trong.</subfield>
  </datafield>
  <datafield tag="520" ind1="#" ind2="#">
   <subfield code="a">      Phần II : Các cơ cấu và hệ thống của động cơ đốt trong.</subfield>
  </datafield>
  <datafield tag="650" ind1="#" ind2="4">
   <subfield code="a">Động cơ đốt trong</subfield>
  </datafield>
  <datafield tag="650" ind1="#" ind2="4">
   <subfield code="a">Cơ khí--Máy móc</subfield>
  </datafield>
 </record>
</collection>
